La organización económica de la agricultura (Registro nro. 6543)

Detalles MARC
000 -LEADER
fixed length control field 01949 a2200205 4500
001 - CONTROL NUMBER
control field 58990
005 - DATE AND TIME OF LATEST TRANSACTION
control field 20260407155844.0
008 - FIXED-LENGTH DATA ELEMENTS--GENERAL INFORMATION
fixed length control field 260407a1965 arg spa d
003 - CONTROL NUMBER IDENTIFIER
control field AR-UNSa-BCEJYS
040 ## - CATALOGING SOURCE
Original cataloging agency AR-UNSa-BCEJYS
Language of cataloging spa
Transcribing agency AR-UNSa-BCEJYS
080 ## - UNIVERSAL DECIMAL CLASSIFICATION NUMBER
Universal Decimal Classification number 631.15
Common auxiliary subdivision Producción de la explotación agrícola. Gestión de la explotación agrícola. Administración de la explotación agrícola
100 1# - MAIN ENTRY--PERSONAL NAME
Personal name Schultz, Theodore W.
245 10 - TITLE STATEMENT
Title La organización económica de la agricultura
250 ## - EDITION STATEMENT
Edition statement 2a. ed.
264 #1 - PRODUCTION, PUBLICATION, DISTRIBUTION, MANUFACTURE, AND COPYRIGHT NOTICE
Place of production, publication, distribution, manufacture Buenos Aires :
Name of producer, publisher, distributor, manufacturer Fondo de Cultura Económica
Date of production, publication, distribution, manufacture, or copyright notice 1965
300 ## - PHYSICAL DESCRIPTION
Extent 429 p.
Dimensions 21 cm.
505 ## - FORMATTED CONTENTS NOTE
Formatted contents note 1. La agricultura en una economía en desarrollo - 2. Tres casos de desplazamiento de las curvas de demanda y oferta - 3. Puntos focales y condiciones que afectan los desplazamientos a largo plazo de la demanda - 4. La población todavía crece - 5. Cuanteo de las elasticidades-ingreso - 6. Efectos de la dietética sobre la oferta y la demanda - 7. El mejoramiento de la eficiencia productiva - 8. La declinación de la importancia económica de la tierra agrícola - 9. Divergencias en el desarrollo económico relacionado con la localización - 10. La disparidad de ingresos entre los núcleos de población y el desarrollo económico - 11. Condiciones básicas de la inestabilidad económica de la agricultura - 12. La inestabilidad de los rendimientos - 13. La estabilidad de los insumos y de la producción agrícolas - 14. La oferta de los productos durante el período entre cosechas - 15. Actividades económicas por organizar - 16. Organización económica: posibilidades y preferencias - 17. La organización de la agricultura para el desarrollo económico - 18. Los mercados de factores y el desarrollo económico - 19. Organización de la agricultura para lograr estabilidad económica - 20. La organización para lograr la estabilidad de precios.
590 ## - LOCAL NOTE (RLIN)
Local note niveau_biblio:m niveau_hierar:0
942 ## - ADDED ENTRY ELEMENTS (KOHA)
Koha item type
Existencias
Withdrawn status Lost status Damaged status Not for loan Home library Current library Shelving location Date acquired Total checkouts Full call number Barcode Date last seen Price effective from Koha item type
        Biblioteca Prof. Eusebio Cleto del Rey Biblioteca Prof. Eusebio Cleto del Rey   07/04/2026   631.15 S386o 2ed. L26704 07/04/2026 07/04/2026 Libro
        Biblioteca Prof. Eusebio Cleto del Rey Biblioteca Prof. Eusebio Cleto del Rey   07/04/2026   631.15 S386o 2ed. L26672 07/04/2026 07/04/2026 Libro